000 00797cai a22001815a 4500
001 E151578
008 101122u xxk g 000 0 eng d
035 _a(Sirsi) u151578
041 0 _aeng
110 2 _aTribunals Service
_95898
245 0 0 _aTribunals service
_h[electronic resource]
520 _aWebsite of the Tribunals Service, which was created on 3 April 2006 as an executive agency of the Ministry of Justice. Includes judgements, as well as publications and information on relevant rules and legislation.
590 _aKA
651 4 _aEngland and Wales
_y1543-
690 _aMANAGEMENT-DISPUTE AVOIDANCE, MANAGEMENT AND RESOLUTION-DISPUTE MANAGEMENT AND RESOLUTION-TRIBUNALS
856 4 0 _uhttps://www.tribunals.gov.uk/index.htm
_zView the website at www.tribunals.gov.uk
942 _n0
999 _c120885
_d120885